Statistiken für Firmensitze deutscher Autohersteller

Klicken Sie hier um das Quiz zu spielen!

Allgemein

  • Dieses Quiz wurde 610 mal gespielt
  • Das Durchschnittsergebnis liegt bei 5 aus 7

Antwortstatistiken

AutoherstellerFirmensitz% Korrekt
BMWMünchen
98%
Mercedes-BenzStuttgart
94%
VolkswagenWolfsburg
93%
PorscheStuttgart
85%
AudiIngolstadt
79%
OpelRüsselsheim
50%
FordKöln
48%

Verteilung der Resultate

Perzentil nach korrekt beantworteten Fragen

Anzahl Personen mit jedem Resultat

Ihre Resultats-Entwicklung

Sie haben dieses Quiz noch nicht gespielt